000 00665nam a22002057a 4500
999 _c10220
_d10220
003 AR-CdUCM
008 190329b ||||| |||| 00| 0 spa d
040 _aMUNICIPALIDAD PROVINCIAL DEL CUSCO
_cBIBLIOTECA MUNICIPAL DEL CUSCO
082 _21ed.
_aES / 800 /
_bP16
100 _aPahlen, Kurt
_926938
245 _aJohann Strauss :
_bEl rey del vals /
260 _aBuenos aires :
_bAtlantida, S.A.,
_c1958.
300 _a122 paginas ;
_c17 cm.
440 _aBiblioteca Billiken.
_nColección verde.
_926885
505 _aContenido :Johann Strauss.
650 _aLiteratura secundaria
_926939
650 _aSecundaria
_926940
942 _2ddc
_cLIBROS
945 _arum